| 000 -LEADER |
| fixed length control field |
01110cam a2200265 i 4500 |
| 001 - CONTROL NUMBER |
| control field |
17694861 |
| 005 - DATE AND TIME OF LATEST TRANSACTION |
| control field |
20221107122204.0 |
| 008 - FIXED-LENGTH DATA ELEMENTS--GENERAL INFORMATION |
| fixed length control field |
130412s2014 cau bf 001 0 eng |
| 020 ## - INTERNATIONAL STANDARD BOOK NUMBER |
| International Standard Book Number |
9781446247228 X |
| 041 ## - LANGUAGE CODE |
| Language code of text/sound track or separate title |
eng |
| 080 ## - UNIVERSAL DECIMAL CLASSIFICATION NUMBER |
| Universal Decimal Classification number |
159.922.7+616-008.61+376.5 T-44 |
| 245 04 - TITLE STATEMENT |
| Title |
The Sage handbook of emotional and behavioral difficulties / |
| Statement of responsibility, etc. |
edited by Philip Garner, James Kauffman, and Julian Elliott. |
| 250 ## - EDITION STATEMENT |
| Edition statement |
Second edition. |
| 264 #1 - PRODUCTION, PUBLICATION, DISTRIBUTION, MANUFACTURE, AND COPYRIGHT NOTICE |
| Place of production, publication, distribution, manufacture |
Los Angeles : |
| Name of producer, publisher, distributor, manufacturer |
SAGE, |
| Date of production, publication, distribution, manufacture, or copyright notice |
2014. |
| 300 ## - PHYSICAL DESCRIPTION |
| Extent |
526 pages ; |
| Dimensions |
26 cm. |
| 650 #0 - SUBJECT ADDED ENTRY--TOPICAL TERM |
| Topical term or geographic name entry element |
Behavior disorders in children |
| Form subdivision |
Handbooks, manuals, etc. |
| 9 (RLIN) |
10649 |
| 653 ## - INDEX TERM--UNCONTROLLED |
| keyword |
ემოციური და ქცევითი სირთულეების სახელმძღვანელო |
| 653 ## - INDEX TERM--UNCONTROLLED |
| keyword |
მედიცინა |
| 653 ## - INDEX TERM--UNCONTROLLED |
| keyword |
ფსიქოლოგია |
| 653 ## - INDEX TERM--UNCONTROLLED |
| keyword |
პედაგოგიკა |
| 700 1# - ADDED ENTRY--PERSONAL NAME |
| Personal name |
Garner, Philip, |
| Dates associated with a name |
1947- |
| Relator term |
რედაქტორი |
| 9 (RLIN) |
10650 |
| 700 1# - ADDED ENTRY--PERSONAL NAME |
| Personal name |
Kauffman, James |
| Relator term |
რედაქტორი |
| 9 (RLIN) |
10585 |
| 700 1# - ADDED ENTRY--PERSONAL NAME |
| Personal name |
Elliot, Julian |
| Relator term |
რედაქტორი |
| 9 (RLIN) |
10651 |
| 942 ## - ADDED ENTRY ELEMENTS (KOHA) |
| Source of classification or shelving scheme |
|
| Koha item type |
წიგნი |